| 000 | 00487nam a2200169Ia 4500 | ||
|---|---|---|---|
| 003 | GCL | ||
| 008 | 140319s9999 xx 000 0 ara d | ||
| 040 |
_aGCL / _cGCL |
||
| 082 | 0 | 4 |
_a410 _bص ا |
| 100 | 1 | _aصالح بلعيد | |
| 245 | 1 | 0 |
_aاللغة العربية الياتها الاساسية وقضاياها الراهنة / _cصالح بلعيد |
| 300 | _a156 ص | ||
| 490 | _a | ||
| 650 | 0 | 4 | _aاللغة العربية |
| 650 | 0 | 4 | _aتاريخ ونقد |
| 942 |
_2ddc _cBK |
||
| 999 |
_c42137 _d42137 |
||